000 01086nac a22003977a 4500
001 BR8804769
003 BR-BrBNA
005 20240105120811.0
008 230509b bl.|||m| |||| 00| 0 por d
040 _aBR-BrBNA
_bpor
_cBiblioteca Nacional de Agricultura
072 _aF01; E70
090 _aF01 BR8804769
110 1 _aFundacao Centro Estadual de Planejamento Agricola, Salvador, BA (Brasil)
_94810
245 1 _aSafra ou verao: falta de chuvas comeca a atrasar o plantio [Bahia]
260 3 _aSalvador, BA (Brasil):
_c1987.
300 _a18 p.
490 _aBoletim Agropecuario de Informacoes Conjunturais (Brazil)
_vno. 2
_x
650 _aSAFRA
650 _aPRECO
650 _aALGODAO HERBACEO
650 _aARROZ
650 _aCEBOLA
650 _aDENDE
650 _aFEIJAO
650 _aGUARANA
650 _aLARANJA
650 _aMAMONA
650 _aMANDIOCA
650 _aMILHO
650 _aSOJA
650 _aSORGO
650 _aTOMATE
650 _aBAHIA
909 _a202312
_bLúcia Elande
_c55
_dLúcia Elande
942 _2AGRIS
_n0
_cMS
999 _c281478
_d281478